| 000 | 00728nam a2200241Ia 4500 | ||
|---|---|---|---|
| 008 | 220216s9999 xx 000 0 und d | ||
| 100 | _aGoncalves P de S | ||
| 245 | 0 | _aGenetic variability of Rubber tree annual yielding: Estimates of genetic parameters and study of genotype X environment interaction | |
| 260 |
_bBragantia _c1990 |
||
| 300 | _a306-320 | ||
| 650 | _aBreeding | ||
| 650 | _aBroad sense heritability | ||
| 650 | _aGenetic correlation | ||
| 650 | _aHevea brasiliensis Muell.Arg | ||
| 650 | _aPhenotypic correlation | ||
| 650 | _aSelection yield | ||
| 700 | _aCardoso M | ||
| 700 | _aColombo C A | ||
| 700 | _aNartubs A L M | ||
| 700 | _aOrtolani A A | ||
| 700 | _aSantos I C I dos | ||
| 942 | _cJS | ||
| 999 |
_c59881 _d59881 |
||